Associations between Online Hate Victimization and Perpetration: The Buffering Effects of Technical and Assertive Coping

Es ist bekannt, dass Opfer von Gewalt ein höheres Risiko als Nicht-Opfer aufweisen, Täterinnen oder Täter von Gewalt zu sein. Die Überlappung zwischen Viktimisierung und Täterschaft ist jedoch für Online-Hate bisher kaum untersucht worden. Ein möglicher Erklärungsmechanismus für diesen Zusammenhang...

Descripción completa

Guardado en:  
Detalles Bibliográficos
Autores principales: Wachs, Sebastian (Autor) ; Wright, Michelle F. (Autor)
Tipo de documento: Electrónico Artículo
Lenguaje:Inglés
Publicado: 2021
En: MedienPädagogik
Año: 2021
Acceso en línea: Volltext (kostenfrei)
Volltext (kostenfrei)
Verificar disponibilidad: HBZ Gateway

MARC

LEADER 00000caa a22000002c 4500
001 1866321536
003 DE-627
005 20250113054906.0
007 cr uuu---uuuuu
008 231019s2021 xx |||||o 00| ||eng c
024 7 |a 10.21240/mpaed/jb16/2021.01.14.x  |2 doi 
035 |a (DE-627)1866321536 
035 |a (DE-599)KXP1866321536 
040 |a DE-627  |b ger  |c DE-627  |e rda 
041 |a eng 
084 |a 2,1  |2 ssgn 
100 1 |a Wachs, Sebastian  |e VerfasserIn  |4 aut 
245 1 0 |a Associations between Online Hate Victimization and Perpetration: The Buffering Effects of Technical and Assertive Coping 
264 1 |c 2021 
336 |a Text  |b txt  |2 rdacontent 
337 |a Computermedien  |b c  |2 rdamedia 
338 |a Online-Ressource  |b cr  |2 rdacarrier 
520 |a Es ist bekannt, dass Opfer von Gewalt ein höheres Risiko als Nicht-Opfer aufweisen, Täterinnen oder Täter von Gewalt zu sein. Die Überlappung zwischen Viktimisierung und Täterschaft ist jedoch für Online-Hate bisher kaum untersucht worden. Ein möglicher Erklärungsmechanismus für diesen Zusammenhang ist der Einsatz spezifischer Bewältigungsstrategien. Die vorliegende Studie verfolgt das Ziel, ein besseres Verständnis der Beziehung von Online-Hate-Opfern und -Täterinnen oder -Tätern zu entwickeln, um Grundlagen für wirksame Interventions- und Präventionsinitiativen im Bereich der Medienerziehung zu schaffen. Selbstberichtsfragebögen über Online-Hate-Viktimisierung und -Täterschaft sowie zu technischen und selbstbehauptenden Bewältigungsstrategien wurden von 1.480 Jugendlichen zwischen 12 und 17 Jahren (M = 14,21 Jahre; SD = 1,68) ausgefüllt. Die Ergebnisse zeigten, dass Online-Hate-Viktimisierung positiv mit der Online-Hate-Täterschaft korreliert. Technisches und selbstbehauptendes Coping zeigen einen negativen Zusammenhang mit Online-Hate-Täterschaft. Darüber hinaus berichteten Opfer von Online-Hate weniger Online-Hate-Täterschaft, wenn sie ein höheres Mass an technischen und selbstbehauptenden Bewältigungsstrategien einsetzen und häufiger Online-Hate-Täterschaft, wenn sie über ein niedrigeres Mass an technischen und selbstbehauptenden Bewältigungsstrategien verfügten. Zusammenfassend legen unsere Ergebnisse nahe, dass effektive Präventions- und Interventionsprogramme in Bezug auf Online-Hate die Vermittlung problem-fokussierter Bewältigungsstrategien berücksichtigen sollten.It is well known that victims of violence are more likely than non-victims to be perpetrators, and that perpetrators are more likely than non-perpetrators to be victims. However, the overlap between being the victim of violence and the perpetrator of violence is not well understood when it comes to online hate. An explanatory mechanism in this relationship could potentially be the use of specific coping strategies. We sought to develop a better understanding of the relationship between the victims and the perpetrators of online hate to inform effective intervention and prevention initiatives in the field of media education. Self-report questionnaires on receiving and committing online hate and on technical and assertive coping were completed by 1,480 young people between 12 and 17 years old (M = 14.21 years; SD = 1.68). Results showed that increases in being the recipient of online hate were positively related to being a perpetrator of online hate. Technical and assertive coping strategies were negatively related to perpetrating online hate. Furthermore, victims of online hate reported less instances of perpetrating online hate when they reported higher levels of technical and assertive coping strategies, and more frequent instances of perpetrating online hate when they reported lower levels of technical and assertive coping strategies. In conclusion, our findings suggest that, if they are to be effective, prevention and intervention programs that target online hate should consider educating young people in problem-focused coping strategies 
700 1 |a Wright, Michelle F.  |e VerfasserIn  |4 aut 
773 0 8 |i Enthalten in  |t MedienPädagogik  |d Zürich : Pestalozzianum, 2000  |g (2021)  |h Online-Ressource  |w (DE-627)320604357  |w (DE-600)2020558-2  |w (DE-576)094502145  |x 1424-3636 
773 1 8 |g year:2021 
856 |u https://www.medienpaed.com/article/download/735/975  |x unpaywall  |z Vermutlich kostenfreier Zugang  |h publisher [deprecated] 
856 4 0 |u https://core.ac.uk/download/382449731.pdf  |x Verlag  |z kostenfrei  |3 Volltext  |7 0 
856 4 0 |u https://doi.org/10.21240/mpaed/jb16/2021.01.14.x  |x Resolving-System  |z kostenfrei  |3 Volltext  |7 0 
935 |a mkri 
951 |a AR 
ELC |a 1 
LOK |0 000 xxxxxcx a22 zn 4500 
LOK |0 001 4392967263 
LOK |0 003 DE-627 
LOK |0 004 1866321536 
LOK |0 005 20231019043652 
LOK |0 008 231019||||||||||||||||ger||||||| 
LOK |0 035   |a (DE-2619)CORE106894604 
LOK |0 040   |a DE-2619  |c DE-627  |d DE-2619 
LOK |0 092   |o n 
LOK |0 852   |a DE-2619 
LOK |0 852 1  |9 00 
LOK |0 935   |a core 
LOK |0 939   |a 19-10-23  |b l01 
OAS |a 1 
ORI |a SA-MARC-krimdoka001.raw